<?xml version="1.0" encoding="UTF-8"?><?xml-stylesheet type="text/xsl" href="static/style.xsl"?><OAI-PMH xmlns="http://www.openarchives.org/OAI/2.0/" xmlns:xsi="http://www.w3.org/2001/XMLSchema-instance" xsi:schemaLocation="http://www.openarchives.org/OAI/2.0/ http://www.openarchives.org/OAI/2.0/OAI-PMH.xsd"><responseDate>2026-04-13T06:33:36Z</responseDate><request verb="GetRecord" identifier="oai:www.recercat.cat:10230/33471" metadataPrefix="marc">https://recercat.cat/oai/request</request><GetRecord><record><header><identifier>oai:recercat.cat:10230/33471</identifier><datestamp>2025-12-18T01:20:24Z</datestamp><setSpec>com_2072_6</setSpec><setSpec>col_2072_452952</setSpec></header><metadata><record xmlns="http://www.loc.gov/MARC21/slim" xmlns:dcterms="http://purl.org/dc/terms/" xmlns:xsi="http://www.w3.org/2001/XMLSchema-instance" xmlns:doc="http://www.lyncode.com/xoai" xsi:schemaLocation="http://www.loc.gov/MARC21/slim http://www.loc.gov/standards/marcxml/schema/MARC21slim.xsd">
   <leader>00925njm 22002777a 4500</leader>
   <datafield ind2=" " ind1=" " tag="042">
      <subfield code="a">dc</subfield>
   </datafield>
   <datafield ind2=" " ind1=" " tag="720">
      <subfield code="a">Ortín, Marcel, 1959-</subfield>
      <subfield code="e">author</subfield>
   </datafield>
   <datafield ind2=" " ind1=" " tag="260">
      <subfield code="c">2017-12-13T12:07:58Z</subfield>
   </datafield>
   <datafield ind2=" " ind1=" " tag="260">
      <subfield code="c">2017-12-13T12:07:58Z</subfield>
   </datafield>
   <datafield ind2=" " ind1=" " tag="260">
      <subfield code="c">2015</subfield>
   </datafield>
   <datafield ind2=" " ind1=" " tag="520">
      <subfield code="a">En aquest article es presenta una comparació crítica detallada dels llenguatges que va posar en joc Josep Carner en dues versions diferents d’El malalt imaginari de Molière. La primera, publicada l’any 1909, havia estat feta el 1905 per a una producció d’Adrià Gual; la segona va aparèixer el 1921 en una col·lecció d’obres literàries en traducció que dirigia Carner mateix, la Biblioteca Literària. És interessant de comparar-ne les solucions perquè aquest no és un simple cas de revisió, sinó un cas de retraducció, amb molts aspectes culturals implicats. Pompeu Fabra havia dut a terme en aquests anys una renovació severa i completa de la llengua escrita. Carner va canviar la seva concepció respecte als objectius i la pràctica de la traducció, per mirar com podia contribuir a estendre les possibilitats expressives de la llengua reformada.</subfield>
   </datafield>
   <datafield ind2=" " ind1=" " tag="520">
      <subfield code="a">This article offers a detailed critical comparison of the literary languages deployed by Josep Carner in two different Catalan versions of Molières’s Le Malade imaginaire. The first one, published in 1909, had been made in 1905 for a stage production by Adrià Gual; the second one&#xd;
was published in 1921 in Biblioteca Literària, a series of literary works in translation supervised by Carner himself. The main interest in comparing them lies in the fact that this is not a case of mere revision but a case of retranslation, and one which presents interesting cultural aspects. Not only had a stringent and thorough renewal of written Catalan taken place in the years between the two versions, led by Pompeu Fabra, but Carner had also changed his whole approach to the task of translation in respect of both its practice and its goals, in connection with the potential growth of literary language on the basis of this reform.</subfield>
   </datafield>
   <datafield ind2=" " ind1=" " tag="520">
      <subfield code="a">La redacció d’aquest treball s’inscriu en el projecte FFI 2011-26500, subvencionat pel Ministerio de Ciencia e Innovación.</subfield>
   </datafield>
   <datafield tag="653" ind2=" " ind1=" ">
      <subfield code="a">Català literari del segle XX</subfield>
   </datafield>
   <datafield tag="653" ind2=" " ind1=" ">
      <subfield code="a">Llenguatges de traducció</subfield>
   </datafield>
   <datafield tag="653" ind2=" " ind1=" ">
      <subfield code="a">Josep Carner</subfield>
   </datafield>
   <datafield tag="653" ind2=" " ind1=" ">
      <subfield code="a">Pompeu Fabra</subfield>
   </datafield>
   <datafield tag="653" ind2=" " ind1=" ">
      <subfield code="a">Languages of translation</subfield>
   </datafield>
   <datafield tag="653" ind2=" " ind1=" ">
      <subfield code="a">20th century literary Catalan</subfield>
   </datafield>
   <datafield ind2="0" ind1="0" tag="245">
      <subfield code="a">Dos llenguatges de traducció diferents: les dues versions de Josep Carner d’«El malalt imaginari» (1905/1909 i 1921)</subfield>
   </datafield>
</record></metadata></record></GetRecord></OAI-PMH>